| 000 | 00392nam a2200109Ia 4500 | ||
|---|---|---|---|
| 008 | 180205s9999 xx 000 0 und d | ||
| 020 | _a9719222123 | ||
| 100 | _aLedesma-Tan, Genevieve | ||
| 245 | _aInstitutional productivity and school quality through key result areas and rubrics / | ||
| 260 |
_aLas piƱas city _bSouthville international publications systems _c2007 |
||
| 300 | _aii, 257 pages | ||
| 999 |
_c354877 _d354877 |
||